Psychology of religious fundamentalism (Record no. 994602)

MARC details
000 -LEADER
fixed length control field 00890nam a2200289Ia 4500
003 - CONTROL NUMBER IDENTIFIER
control field OSt
005 - DATE AND TIME OF LATEST TRANSACTION
control field 20221005085703.0
008 - FIXED-LENGTH DATA ELEMENTS--GENERAL INFORMATION
fixed length control field 221004b |||||||| |||| 00| 0 eng d
020 ## - INTERNATIONAL STANDARD BOOK NUMBER
International Standard Book Number 1593851502
037 ## - SOURCE OF ACQUISITION
Terms of availability Textual
040 ## - CATALOGING SOURCE
Original cataloging agency CRL
Transcribing agency CRL
Language of cataloging eng
041 ## - LANGUAGE CODE
Source of code eng
Language code of text/sound track or separate title eng
100 ## - MAIN ENTRY--PERSONAL NAME
Personal name Hood Ralph W.
9 (RLIN) 505727
245 #0 - TITLE STATEMENT
Title Psychology of religious fundamentalism
260 ## - PUBLICATION, DISTRIBUTION, ETC.
Place of publication, distribution, etc. New York
Name of publisher, distributor, etc. Guilford Press U. S. A.
Date of publication, distribution, etc. 2005
300 ## - PHYSICAL DESCRIPTION
Extent 247p.
Dimensions cm.
650 ## - SUBJECT ADDED ENTRY--TOPICAL TERM
Topical term or geographic name entry element CRIMES
9 (RLIN) 35780
650 ## - SUBJECT ADDED ENTRY--TOPICAL TERM
Topical term or geographic name entry element PSYCHOLOGY
700 ## - ADDED ENTRY--PERSONAL NAME
Personal name Hill PeterC.
9 (RLIN) 614450
700 ## - ADDED ENTRY--PERSONAL NAME
Personal name Williamson Paul W.
9 (RLIN) 614451
942 ## - ADDED ENTRY ELEMENTS (KOHA)
Classification part Y:49(Q:3), P5
Koha item type Textual
Source of classification or shelving scheme
Holdings
Withdrawn status Lost status Damaged status Not for loan Home library Current library Date acquired Source of acquisition Cost, normal purchase price Total Checkouts Full call number Barcode Date last seen Cost, replacement price Price effective from Koha item type
        Central Library Central Library 2022-10-05 1212, 24/03/2006, The Book Seller 1562.40   Y:49(Q:3) P5 CL1212934 2022-10-05 1562.40 2022-10-05 Textual
Copyright @ Delhi University Library System